000 00292nam a22001337a 4500
008 170328b xxu||||| |||| 00| 0 eng d
020 _a0801671817
041 _aeng
080 _a615.83
100 _a8
101 _aSHM
245 _aPRACTICAL PSORIASIS THERAPY
_cLOWE.N.J
942 _2udc
_cBK
999 _c8847
_d8847